000 01271nam0a2200361 4500
001 RU\NLR\bibl\388293
005 20250622155822.0
010 _a5-901321-51-0
021 _aRU
_b2003-7024
_9324
035 _a(NLR Aleph) 000382629
090 _a465365
_c465365
100 _a20030408d2003 |||y0rusy50 ca
101 0 _arus
102 _aRU
105 _aa |||||||||
200 1 _aGPRS: доступ в Internet через мобильный телефон GSM
_fВиктор Дымов
210 _aМ.
_cМайор (Осипенко)
_d2003
215 _a191 с.
_cил.
_d21
225 1 _aСерия книг "Мой компьютер"
606 0 _aGPRS, технология пакетной передачи данных в сетях GSM
_92264804
_3RU\NLR\auth\661357730
610 0 _aИнтернет - Доступ к данным
610 0 _aРадиотелефонная связь сотовая
675 _a004.738.5
_v3
_zrus
686 _a32.973.202
_2rubbk
686 _aЗ884.16
686 _aЗ882.9
700 1 _aДымов
_bВ. С.
_gВиктор Семенович
_4070
801 0 _aRU
_bRKP
_c20030408
_gPSBO
801 1 _aRU
_bRKP
_c20030408
801 2 _aRU
_bNLR
_c20030505
_grcr
942 _cBOOK
980 _aNB